000 00703cam a22002411 4500
001 sa 67002415
003 DLC
005 20260227112331.0
008 840628s1966 ii 000 0 tamo
010 _asa 67002415
025 _aPL480:I-T-1351
035 _a(OCoLC)21727490
040 _aDLC
_cCU
_dDLC
050 0 0 _aGR305
_b.R35
100 1 _aRājanārāyaṇan̲, Ki.
245 1 0 _aTamiḷnāṭṭu nāṭōṭik kataikaḷ.
_cTokuppāciriyar Ki. Rājanārāyaṇan̲.
250 _a[1. patippu]
260 _aCen̲n̲ai,
_bNiyū Ceñcuri Puk Havus
_c[1966]
300 _axvi, 152 p.
_c18 cm.
500 _aIn Tamil.
650 0 _aTamil (Indic people)
_xFolklore.
650 0 _aTales
_zIndia.
999 _c73257
_d73257